| 000 | 01178nam a22003137a 4500 | ||
|---|---|---|---|
| 001 | BR7200379 | ||
| 003 | BR-BrBNA | ||
| 005 | 20230928083757.0 | ||
| 007 | ta | ||
| 008 | 230509b bl.||||| |||| 00| 0 por d | ||
| 040 |
_aBR-BrBNA _bpor _cBiblioteca Nacional de Agricultura |
||
| 041 | _a(Por) | ||
| 072 |
_aE30; E50; D10 _b/G514 |
||
| 090 | _ E30 BR7200379 | ||
| 110 | 1 |
_aServico Federal de Habitacao e Urbanismo, Fortaleza, CE (Brasil) _99339 |
|
| 245 | 1 | _aRelatorio preliminar de desenvolvimento integrado. Municipio de Cascavel, Ceara [Desenvolvimento social; Desenvolvimento economico; Administracao publica; Brasil] | |
| 260 | 3 |
_aFortaleza, CE (Brasil): _c1972. |
|
| 300 | _a120 p. | ||
| 500 | _a40 tables; Map, scale 1:2,000,000, Map, scale 1:12,500,000, 4 Maps, in portfolio, scale 1:250,000, Map, in portfolio, scale 1:500,000, 3 Maps, in portfolio, scale 1:5,000 | ||
| 650 | _aPolitica de desenvolvimento | ||
| 650 | _aSociologia rural | ||
| 650 | _aAdministracao publica | ||
| 650 | _aDesenvolvimento social | ||
| 650 | _aDesenvolvimento economico | ||
| 650 | _aCascavel | ||
| 650 | _aCeara | ||
| 909 |
_a202309 _bLucia _c55 _dLucia Elande |
||
| 942 | _cBK | ||
| 999 |
_c15185 _d15185 |
||